000 01108nam a22002417a 4500
001 BD-DhSAU 1161
003 BD-DhSAU
005 20150112222245.0
008 150112b1990 |||||r|||| 00| 0 d
040 _aBD-DhSAU
082 _222
_a৩৩৮.৯
_bপালঅ
100 _aপাল, কৃ্ষ্ণ চন্দ্র
245 _aঅর্থনৈতিক উন্নয়নের ধারা /
_cকৃ্ষ্ণ চন্দ্র পাল, জহিরুল ইসলাম সিকদার ও রঞ্জিৎ কুমার মজুমদার
250 _a২য় সংস্করণ।
260 _aঢাকা :
_bসোহেল প্রিন্টিং ;
_c১৯৯০।
300 _ax, ২৭০ পৃ. :
_b২০ সেমি।
590 _ajoy
650 _aEconomics.
650 _aঅর্থনীতি।
650 _aউন্নয়নের ধারা।
_xঅর্থনীতি।
700 _aসিকদার, জহিরুল ইসলাম
700 _aমজুমদার, রঞ্জিৎ কুমার
942 _2ddc
_cBOOK
999 _c1161
_d1161